000 00842cam a22002411 4500
001 2883
003 BD-RjUL
005 20211208233633.0
008 131217s1952 mduab 000 0 eng
035 _a(BD-RjUL)2911
035 _a(OCoLC)174589
040 _aDLC
_cODaWU
_dNGvP
_dDLC
_dBD-RjUL
_beng
041 _aeng
082 _2330.97292
_bECO
110 2 _aWorld Bank.
_9116756
245 1 4 _aThe economic development of Jamaica /
_creport by a mission of the International Bank for Reconstruction and Development.
260 _aBaltimore :
_bPublished for the International Bank for Reconstruction and Development by the Johns Hopkins Press
_cc1952.
300 _axviii, 288 p.:
_billus., maps (part col.);
_c23 cm.
651 0 _aJamaica
_xEconomic conditions.
_99218
942 _2ddc
_cBK
999 _c2883
_d2883